LEADER 00842nam--2200301---450- 001 990006080860203316 005 20151001162743.0 035 $a000608086 035 $aUSA01000608086 035 $a(ALEPH)000608086USA01 035 $a000608086 100 $a20151001d1987----km-y0itay50------ba 101 $aita 102 $aIT 105 $aa---||||001yy 200 1 $aArchitettura da ritagliare 210 $aRotterdam$cEditoriale Domus$dcopyr. 1987 215 $a52 p.$cill.$d25 cm 606 0 $aModelli architettonici$xEsposizioni$yRotterdam$z1987$2BNCF 676 $a720.22 801 0$aIT$bsalbc$gISBD 912 $a990006080860203316 951 $a720.22 ARC$b802 Crd.$c720$d00330975 959 $aBK 969 $aCRD 979 $aPAOLA$b90$c20151001$lUSA01$h1627 996 $aArchitettura da ritagliare$9830815 997 $aUNISA LEADER 01260cam0-22003971i-450 001 990003849140403321 005 20200325091704.0 035 $a000384914 035 $aFED01000384914 035 $a(Aleph)000384914FED01 035 $a000384914 100 $a20030910d1958----kmuy0itay50------ba 101 0 $aita 102 $aIT 105 $aa---a---001yy 200 1 $aFluttuazioni edilizie e cicli economici$ericerche sul comportamento degli investimenti in abitazioni in Italia dal 1863 al 1945$fMario Talamona 210 $aRoma$cIstituto nazionale per lo studio della congiuntura$d1958 215 $a285 p.$cill.$d24 cm 610 0 $aAbitazioni$aDomanda e offerta$aItalia 610 0 $aInvestimenti edilizi$aItalia$a1863-1945 676 $a690$v22$zita 700 1$aTalamona,$bMario$f<1931-2006>$083359 801 0$aIT$bUNINA$gRICA$2UNIMARC 901 $aBK 912 $a990003849140403321 952 $aXV 01 9$fDTE 952 $aH/2.226 TAL$b019579$fSES 952 $aH/2.226 TAL/1$b014254$fSES 952 $aH/2.226 TAL/2$b014516$fSES 952 $aURB.LE B 1019$b4405$fFARBC 959 $aDTE 959 $aSES 959 $aFARBC 996 $aFluttuazioni edilizie e cicli economici$9515283 997 $aUNINA DB $aGEN01